UM Logo

Performance management: (Record no. 5706)

MARC details
000 -LEADER
fixed length control field 00554nam a22001697a 4500
008 - FIXED-LENGTH DATA ELEMENTS--GENERAL INFORMATION
fixed length control field 161116b xxu||||| |||| 00| 0 eng d
020 ## - INTERNATIONAL STANDARD BOOK NUMBER
International Standard Book Number 978-93-515-0730-7
082 ## - DEWEY DECIMAL CLASSIFICATION NUMBER
Edition number 2016
Classification number DC 658.3125
Item number R18
100 ## - MAIN ENTRY--PERSONAL NAME
9 (RLIN) 17491
Personal name Rao, T.V.
Relator term author.
245 ## - TITLE STATEMENT
Title Performance management:
Remainder of title toward organizational excellence/
Statement of responsibility, etc. T.V. Rao.
250 ## - EDITION STATEMENT
Edition statement 2nd edition.
260 ## - PUBLICATION, DISTRIBUTION, ETC. (IMPRINT)
Place of publication, distribution, etc. Los Angeles:
Name of publisher, distributor, etc. Sage,
Date of publication, distribution, etc. c2016.
300 ## - PHYSICAL DESCRIPTION
Extent xxi, 298 pages;
Dimensions 22 cm.
500 ## - GENERAL NOTE
General note Includes bibliographical references and index.
650 #0 - SUBJECT ADDED ENTRY--TOPICAL TERM
9 (RLIN) 17490
Topical term or geographic name as entry element Performance management.
942 ## - ADDED ENTRY ELEMENTS (KOHA)
Source of classification or shelving scheme Dewey Decimal Classification
Koha item type Circulation
Holdings
Withdrawn status Lost status Source of classification or shelving scheme Damaged status Not for loan Collection code Home library Current library Date acquired Source of acquisition Cost, normal purchase price Total Checkouts Full call number Barcode Date last seen Price effective from Koha item type
    Dewey Decimal Classification     Circulation UM Digos College - LIC UM Digos College - LIC 10/27/2016 Purchased 2.00   DC 658.3125 R18 2016 24560 05/15/2025 11/16/2016 Circulation